|
|
|
|
| LEADER |
00000cam a2200000 7i4500 |
| 001 |
0000001788 |
| 005 |
20151222.0 |
| 008 |
070709 |
| 020 |
|
|
|a 9832400678
|
| 090 |
0 |
0 |
|a JF
|b ENG (2178)
|
| 100 |
1 |
|
|a May Lee
|
| 245 |
1 |
4 |
|a The cobra hand
|c May Lee
|
| 260 |
|
|
|a Selangor :
|b Bright Publication ,
|c 2003
|
| 440 |
|
0 |
|a Bright readers
|
| 500 |
|
|
|a Children ages 7-9 years old (orange)
|
| 650 |
|
0 |
|a Children's stories, English
|
| 710 |
0 |
|
|a Title
|
| 999 |
|
|
|a 0000008269
|b Book
|c Children Collection
|e Cawangan Taman Universiti
|
| 999 |
|
|
|a 0000008270
|b Book
|c Children Collection
|e Cawangan Taman Universiti
|
| 999 |
|
|
|a 0000008271
|b Book
|c Children Collection
|e Cawangan Taman Universiti
|
| 999 |
|
|
|a 0000008272
|b Book
|c Children Collection
|e Cawangan Taman Universiti
|
| 999 |
|
|
|a 0000889210
|b Book
|c Children Collection
|e Cawangan Pontian
|
| 999 |
|
|
|a 0000962029
|b Book
|c Children Collection
|e Cawangan Tangkak
|
| 999 |
|
|
|a 0000962030
|b Book
|c Children Collection
|e Perbadanan Perpustakaan Awam Johor
|
| 999 |
|
|
|a 0000962031
|b Book
|c Children Collection
|e Perbadanan Perpustakaan Awam Johor
|
| 999 |
|
|
|a 0000962033
|b Book
|c Children Collection
|e Cawangan Sri Merlong
|